| 000 | 00805nam a22002415i 4500 | ||
|---|---|---|---|
| 001 | 178049 | ||
| 003 | ES-MaACL | ||
| 005 | 20230906220454.0 | ||
| 008 | 110516s1968 sp |||| | spa d | ||
| 080 | _a316.323.2 | ||
| 100 | 1 |
_aScotti, Pietro. _9146531 |
|
| 245 | 1 | 3 |
_aLa vida social de los pueblos primitivos / _cPietro Scotti ; [traducción de Enrique Obregón]. |
| 250 | _a1ª ed. | ||
| 260 |
_aBarcelona : _bCredsa, _c1968. |
||
| 300 |
_a279 p. ; _c18 cm. |
||
| 490 | 1 |
_aPanoramas A-Z. La universidad en su mano ; _v42 |
|
| 504 | _aBibliografía: p. 267-272. | ||
| 650 | 0 | 4 |
_aSociedad primitiva. _917177 |
| 700 | 0 |
_aObregón, Enrique de. _986425 |
|
| 830 | 0 |
_aPanoramas A-Z. La universidad en su mano ; _v42 _9190680 |
|
| 852 |
_aES-MaACL _jE-15092 _xOlim P-269-bis |
||
| 999 |
_c178049 _d178049 |
||